[Event "Idaho Closed"]
[Site "Boise, ID"]
[Date "2010.02.13"]
[Round "2.7"]
[White "Weyland, Ronald M"]
[Black "Douglas, Kurt P"]
[Result "0-1"]
[WhiteElo "1487"]
[BlackElo "1738"]

1. d4 Nf6 2. e3 e6 3. Nf3 d5 4. Bd3 c5 5. c3 Bd6 6. Nbd2 O-O 7. dxc5 Bxc5 8.
e4 dxe4 9. Nxe4 Nxe4 10. Bxe4 Qxd1+ 11. Kxd1 Bxf2 12. Ke2 Bc5 13. Rd1 Nd7 14.
Bg5 h6 15. Bh4 Nf6 16. Bxf6 gxf6 17. g4 Rb8 18. h3 b6 19. b4 Ba6+ 20. Bd3
Bxd3+ 21. Rxd3 Be7 22. Rad1 Rfd8 23. Nd4 Rbc8 24. b5 Kf8 25. Nc6 Rxd3 26. Rxd3
Rc7 27. a4 a5 28. c4 Ke8 29. Kf3 Rd7 30. Rxd7 Kxd7 31. Nxe7 Kxe7 32. Ke4 Kd6
33. Kd4 e5+ 34. Ke4 Kc5 35. Kd3 Kb4 36. c5 Kxc5 37. Ke4 Kd6 38. h4 Ke6 39. h5
Kd6 40. Kf5 Ke7 41. g5 fxg5 42. Kxe5 f6+ 43. Kd4 Ke6 44. Ke4 f5+ 45. Kd4 g4
46. Ke3 Ke5 47. Kd3 f4 48. Ke2 Ke4 49. Kf2 g3+ 50. Ke2 f3+ 51. Kf1 Ke3 52. Kg1
Ke2 53. Kh1 {#R} 0-1

[Event "Idaho Closed"]
[Site "Boise, ID"]
[Date "2010.02.14"]
[Round "3.12"]
[White "Kepple, Alan C"]
[Black "Weyland, Ronald M"]
[Result "0-1"]
[WhiteElo "1121"]
[BlackElo "1487"]

1. d4 Nf6 2. c4 e6 3. Nc3 c5 4. e3 cxd4 5. exd4 Bb4 6. Nf3 O-O 7. Be2 Nc6 8.
O-O d5 9. Bg5 Be7 10. cxd5 Nxd5 11. Bxe7 Ncxe7 12. Re1 Bd7 13. Rc1 Rc8 14. Bd3
Bc6 15. Ne5 Nxc3 16. bxc3 Nd5 17. Nxc6 Rxc6 18. c4 Nf6 19. Re3 Kh8 20. Be2 Rd6
21. Rd3 Qa5 22. Qd2 Qxd2 23. Rxd2 Ra6 24. Bf3 b6 25. d5 exd5 26. cxd5 Ra5 27.
d6 Rc5 28. Rcd1 Nd7 29. Re1 Rd8 30. h3 Kg8 31. Re7 Kf8 32. Bg4 Nf6 33. Rxa7
Nxg4 34. hxg4 f6 35. Rc7 Rxd6 36. Rxd6 Rxc7 37. Rxb6 Rc1+ 38. Kh2 Rc2 39. a4
Rxf2 40. Rb1 Ra2 41. Rb4 Kf7 42. Kg3 Ke6 43. Rb6+ Kd5 44. Ra6 g5 45. a5 Ra3+
46. Kh2 Ke5 47. Ra8 Kf4 48. a6 Kxg4 49. a7 h5 50. Rf8 Rxa7 51. Rxf6 Ra4 52.
Re6 Kf5 53. Re2 Rh4+ 54. Kg3 Rg4+ 55. Kh2 Rf4 56. Kg1 h4 57. Kh2 Kg4 58. Kg1
Ra4 59. Kh2 Rb4 60. Rd2 Kf4 61. Re2 g4 62. Rd2 Ke3 63. Rc2 Re4 64. Rb2 Rf4 65.
Rb3+ Kd2 66. Rb2+ Kc3 67. Re2 Rd4 68. Ra2 Kd3 69. Rb2 Ke3 70. Rc2 Rd2 71. Rxd2
Kxd2 72. Kg1 Ke3 73. Kf1 Kf4 74. g3+ Kxg3 75. Kg1 Kf3 76. Kh1 {#R} 0-1

[Event "Idaho Closed"]
[Site "Boise, ID"]
[Date "2010.02.14"]
[Round "4.9"]
[White "Weyland, Ronald M"]
[Black "Stewart, David Wayne"]
[Result "0-1"]
[WhiteElo "1487"]
[BlackElo "1516"]

1. d4 Nf6 2. e3 d5 3. Bd3 c5 4. c3 Nc6 5. Nd2 e5 6. dxc5 Bxc5 7. Nb3 Bb6 8.
Bc2 O-O 9. Nf3 a5 10. Nbd2 d4 11. Ne4 Nxe4 12. Bxe4 dxe3 13. Qxd8 exf2+ 14.
Kf1 Rxd8 15. Bxc6 bxc6 16. Nxe5 Ba6+ 17. c4 Rd1+ {#R} 0-1

[Event "Idaho Closed"]
[Site "Boise, ID"]
[Date "2010.02.15"]
[Round "5.11"]
[White "Ye, Michael"]
[Black "Weyland, Ronald M"]
[Result "0-1"]
[WhiteElo "1174"]
[BlackElo "1487"]

1. e4 e6 2. d4 d5 3. Nc3 Nf6 4. e5 Nfd7 5. f4 c5 6. Nf3 Nc6 7. Be3 Qb6 8. Rb1
a6 9. a3 cxd4 10. Nxd4 Nxd4 11. Bxd4 Bc5 12. Bxc5 Nxc5 13. b4 Nd7 14. Bd3 Qe3+
15. Ne2 f6 16. Rb3 Qb6 17. Ng3 Qe3+ 18. Ne2 Qb6 19. Ng3 g6 20. exf6 Nxf6 21.
Qe2 O-O 22. c4 Re8 23. c5 Qc6 24. O-O b5 25. cxb6 Qxb6+ 26. Kh1 Bd7 27. Re1
Kf7 28. h3 Rec8 29. Rb2 Bb5 30. Bxb5 Qxb5 31. Rb3 Rc6 32. Qd3 Rac8 33. Kh2 Rc1
34. Re5 {#R} 0-1